[Event "Aces-Exemplars"]
[Site "?"]
[Date "1999.05.12"]
[Round "?"]
[White "Reyes, R"]
[Black "Benesa, A"]
[Result "1/2-1/2"]
[WhiteElo "2371"]
[BlackElo "2287"]
[Annotator "Playoff 1"]
[PlyCount "130"]
[EventDate "1999.??.??"]

1. c4 Nf6 2. Nc3 d5 3. d4 g6 4. cxd5 Nxd5 5. Bd2 Bg7 6. e4 Nxc3 7. Bxc3 O-O 8.
Bc4 c5 9. d5 { } 9... Bxc3+ 10. bxc3 Qa5 11. Ne2 Nd7 12. O-O Rd8 13. d6 e6 14.
f4 { } 14... Nb6 15. Bb3 c4 16. Bc2 Qc5+ 17. Kh1 Qxd6 18. Qe1 Qe7 19. Qf2 Rd2
20. Rac1 Nd7 21. Qe3 Rd6 22. Qg3 Ra6 23. Bb1 23... b5 { } 24. Nd4 Rb6 25. e5
Nc5 26. Rcd1 Bd7 27. Rd2 a5 28. Rfd1 b4 29. f5 exf5 30. Bxf5 Ba4 31. Bc2 Bxc2
32. Rxc2 b3 33. Rf2 Nd3 34. Rff1 { } 34... b2 35. Nf5 Qe8 36. Qe3 Rb7 37. Nd6
Qc6 38. Nxb7 Qxb7 39. e6 f5 40. e7 Re8 41. Qe6+ Kg7 42. Qxc4 Nc1 43. Rd8 43...
Qxe7 { } 44. Qc6 Kf7 45. Qd5+ Kg7 46. Rxe8 Qxe8 47. Qb7+ Kf6 48. Qxb2 Nd3 49.
Qd2 Qb5 50. Rd1 Ne5 51. Qd6+ Kg5 52. Qd5 Qa4 53. Qd8+ 53... Kh6 { } 54. Qd4 Qb5
55. h3 g5 56. Re1 Ng6 57. c4 Qc6 58. Rd1 f4 59. Rc1 f3 60. Qd5 Qf6 61. c5 fxg2+
62. Kh2 Qe7 63. Qd6 { } 63... g1=Q+ 64. Kxg1 Qe3+ 65. Kf1 Qf3+ 1/2-1/2

[Event "Exemplars-Aces"]
[Site "?"]
[Date "1999.05.12"]
[Round "?"]
[White "Inumerable, F"]
[Black "Jakstas, K"]
[Result "1-0"]
[WhiteElo "2282"]
[BlackElo "2148"]
[Annotator "Playoff 1"]
[PlyCount "85"]
[EventDate "1999.??.??"]

1. d4 c5 2. d5 e5 3. c4 d6 4. e4 Nf6 5. Nc3 Be7 6. Nf3 O-O 7. h3 Na6 8. Bd3 Nc7
9. O-O a6 10. Re1 { } 10... Bd7 11. Qe2 Rb8 12. a4 b6 13. Nh2 Nfe8 14. Rf1 Bg5
15. f4 exf4 16. Bxf4 Qe7 17. Bxg5 Qxg5 18. Nf3 Qg3 19. e5 { } 19... f5 20. e6
Bc8 21. Nh2 g6 22. Rf3 Qe5 23. Re3 Qg7 24. Rf1 Qe7 25. Ref3 Nf6 26. g4 Kh8 27.
gxf5 gxf5 28. Bxf5 { } 28... Rg8+ 29. Bg4 Nxg4 30. hxg4 Nxe6 31. Rf7 Qh4 32.
dxe6 Qg3+ 33. Qg2 Qxg2+ 34. Kxg2 Bxe6 35. R7f4 Bd7 36. Rd1 Bc6+ 37. Kg3 37...
h5 { } 38. Rxd6 Rbc8 39. Rh6+ Kg7 40. Rxh5 Rcd8 41. Rg5+ Kh8 42. Rxg8+ Kxg8 43.
Rf6 1-0

[Event "Aces-Exemplars"]
[Site "?"]
[Date "1999.05.12"]
[Round "?"]
[White "Czerniecki, K"]
[Black "Weber, L"]
[Result "1/2-1/2"]
[WhiteElo "1968"]
[BlackElo "2185"]
[Annotator "Playoff 1"]
[PlyCount "39"]
[EventDate "1999.??.??"]

1. e4 Nf6 2. d3 d5 3. e5 Nfd7 4. Nf3 e6 5. g3 c5 6. c3 Nc6 7. d4 Be7 8. Bg2 O-O
9. O-O a6 10. Re1 { } 10... b5 11. a3 Bb7 12. h4 Rc8 13. Nbd2 cxd4 14. cxd4 Na5
15. Nf1 Qb6 16. Ne3 { } 16... b4 17. Bd2 Nc4 18. Nxc4 dxc4 19. axb4 19... Rfd8
{ } 20. Ng5 1/2-1/2

[Event "Exemplars-Aces"]
[Site "?"]
[Date "1999.05.12"]
[Round "?"]
[White "Gazmen, E"]
[Black "Golla, R"]
[Result "1-0"]
[WhiteElo "2131"]
[BlackElo "1884"]
[Annotator "Playoff 1"]
[PlyCount "75"]
[EventDate "1999.??.??"]

1. e4 g6 2. d4 Bg7 3. Be3 d6 4. Nc3 Nf6 5. Be2 c6 6. a4 b6 7. Qd2 { } 7... Ng4
8. Bxg4 Bxg4 9. h3 Bd7 10. Bh6 O-O 11. Nf3 Re8 12. O-O Bh8 13. Rfd1 Qc8 14. Qf4
e5 15. dxe5 dxe5 16. Qh4 16... f6 { } 17. Rd6 Re6 18. Rad1 Qe8 19. Bc1 Qe7 20.
R6d3 Bg7 21. Nh2 h5 22. Qg3 Kf7 23. f4 { } 23... Bh6 24. f5 g5 25. fxe6+ Bxe6
26. Qf3 g4 27. hxg4 Bxc1 28. Rxc1 Nd7 29. gxh5 Rg8 30. Rcd1 30... Nc5 { } 31.
Rd6 Bd5 32. R6xd5 cxd5 33. Nxd5 Qe6 34. Rf1 34... Nd7 { } 35. Qe3 Rg7 36. Rf5
Qc6 37. Nc3 Qe6 38. Nf3 { Bl flagged} 1-0

[Event "Aces-Exemplars"]
[Site "?"]
[Date "1999.05.12"]
[Round "?"]
[White "Rzeszulko, R"]
[Black "Friske, T"]
[Result "1/2-1/2"]
[WhiteElo "1879"]
[BlackElo "1980"]
[Annotator "Playoff 1"]
[PlyCount "138"]
[EventDate "1999.??.??"]

1. Nf3 Nf6 2. g3 d5 3. Bg2 g6 4. O-O Bg7 5. d3 O-O 6. Nbd2 Nc6 7. e4 e5 8. Re1
Re8 9. c3 h6 10. Qc2 10... Be6 { } 11. Nf1 dxe4 12. dxe4 Qe7 13. b3 b5 14. Be3
Nd7 15. Nh4 Rac8 16. Rad1 { } 16... b4 17. Rd2 bxc3 18. Qxc3 Nd4 19. Rc1 c5 20.
Qa5 Nb6 21. Bxd4 cxd4 22. Rdc2 Rxc2 23. Rxc2 Rc8 24. Rxc8+ 24... Bxc8 { } 25.
Nf3 Qc7 26. N3d2 Be6 27. Qb5 Bf8 28. a4 Qc5 29. Qxc5 Bxc5 30. Bf3 Kf8 31. Bd1
Ke7 32. Kg2 Bb4 33. Kf3 Kd6 34. Ke2 Kc5 35. Kd3 Ba5 36. Kc2 Kb4 37. Kb2 { }
37... Nd7 38. Nf3 Bc7 39. N1d2 Nc5 40. Bc2 f5 41. Ne1 fxe4 42. Nxe4 Nxe4 43.
Bxe4 Bxb3 44. Nd3+ Kc4 45. Bxg6 Bxa4 46. Be4 a5 47. f3 { } 47... Be8 $2 (47...
Bd1 48. Nf2 (48. Kc1 Be2 49. Kc2 (49. Kd2 Bf1 50. Nb2+ Kb3 51. Kc1 a4) 49... a4
) 48... Be2 {Wh is tied down to d3} 49. Kc2 (49. Ng4 d3 50. Bxd3+ Kxd3 51. Nxh6
Bxf3) 49... a4) 48. Nf2 48... Bd6 $2 {somehow thinking K need to stop Wh Ps. 
Totally forgetting d-passer (since it is currently blocked)} (48... a4 49. Bd3+
Kb4 50. Ng4 h5 51. Nf6 Bf7 52. Be4 a3+ 53. Ka1 Kb3 (53... Kc3 54. Bd5 Bg6 (
54... Bxd5 55. Nxd5+)) 54. Bd5+ Bxd5 55. Nxd5 Bd6 56. Nf6 d3 57. Ne4 Kc2) 49.
Bd3+ 49... Kd5 $2 (49... Kb4) 50. Ng4 Ke6 51. Nxh6 a4 52. g4 a3+ 53. Ka2 Bc6
54. g5 Bb4 55. Bc4+ { getting late, game didnt effect match, so DRAWN HERE}
55... Bd5 56. Bxd5+ Kxd5 57. g6 Bf8 58. Nf5 d3 59. h4 d2 60. Ne3+ Kd4 61. Nd1
Kd3 62. h5 Ke2 63. Nc3+ Kxf3 64. Kb1 e4 65. Kc2 e3 66. Kd1 (66. Kd3 a2) 66...
Kf2 67. Ne4+ Kf1 68. Nc3 e2+ 69. Nxe2 a2 1/2-1/2

[Event "Exemplars-Aces"]
[Site "?"]
[Date "1999.05.12"]
[Round "?"]
[White "Sollano, E"]
[Black "Frank, M"]
[Result "1-0"]
[WhiteElo "2006"]
[BlackElo "1807"]
[Annotator "Playoff 1"]
[PlyCount "87"]
[EventDate "1999.??.??"]

1. Nf3 d5 2. c4 dxc4 3. Na3 Nc6 4. Nxc4 g6 5. g3 Bg7 6. Bg2 Be6 7. Qc2 Nf6 8.
d3 O-O 9. O-O Nd5 10. a3 { } 10... Nd4 11. Nxd4 Bxd4 12. Bh6 Bg7 13. Bxg7 Kxg7
14. Rac1 14... c6 { } 15. e4 Nb6 16. Qc3+ Kg8 17. Ne3 Qd6 18. Rcd1 Rfd8 19. d4
Rac8 20. Rfe1 Rc7 21. Qa5 Ra8 22. Bf1 22... Rd7 { } 23. d5 cxd5 24. exd5 Bxd5
25. Nxd5 Nxd5 26. Bb5 Rc7 27. Bf1 Rc5 28. Qa4 a6 29. Bg2 e6 30. Qd4 Rac8 31.
Re2 Rc1 32. Red2 { } 32... Rxd1+ 33. Rxd1 Rd8 34. h4 Qc6 35. Qd2 Rd7 36. h5 f6
37. hxg6 37... hxg6 { } 38. Qh6 Rg7 39. Rc1 Qe8 40. Qh4 Rh7 41. Qd4 Qd8 42. Qg4
42... Qe8 { } 43. Bxd5 exd5 44. Rc8 1-0

[Event "Open"]
[Site "?"]
[Date "1999.05.15"]
[Round "?"]
[White "Dobrovolny, C"]
[Black "Kabelac, J"]
[Result "1/2-1/2"]
[WhiteElo "1776"]
[BlackElo "1979"]
[PlyCount "35"]
[EventDate "1999.??.??"]

1. e4 d6 2. d4 Nf6 3. Nc3 g6 4. Bc4 Bg7 5. Qe2 e5 6. Nf3 exd4 7. Nxd4 O-O 8.
Be3 { } 8... Nxe4 9. Nxe4 d5 10. O-O-O 10... dxc4 { } 11. Qxc4 (11. Nf5 11...
Qe8 $1 12. Nxg7 $2 12... Qxe4 { }) 11... Qe7 12. f3 c6 13. Bg5 Qc7 14. h4 h6
15. Be3 Na6 16. g4 c5 17. Nb5 17... Qe5 { } 18. Qc3 1/2-1/2

[Event "Open"]
[Site "?"]
[Date "1999.05.15"]
[Round "?"]
[White "Fraats, D"]
[Black "Kogan, G"]
[Result "1-0"]
[WhiteElo "1808"]
[BlackElo "1870"]
[PlyCount "35"]
[EventDate "1999.??.??"]

1. d4 Nf6 2. Nc3 d5 3. Bg5 e6 4. e4 dxe4 5. Nxe4 Be7 6. Bd3 Nbd7 7. Nf3 h6 8.
Bh4 O-O 9. O-O { } 9... Nd5 10. Bxe7 Qxe7 11. Qd2 b6 12. Rfe1 Bb7 13. Ng3 13...
N7f6 { } 14. Nf5 Qd8 15. Nxh6+ gxh6 16. Qxh6 { } 16... Re8 17. Re5 Ne7 18. Qxf6
(18. Rg5+ Ng6 19. Bxg6) 1-0

[Event "Open"]
[Site "?"]
[Date "1999.05.15"]
[Round "?"]
[White "Hammond, M"]
[Black "Kabelac, J"]
[Result "0-1"]
[WhiteElo "1385"]
[BlackElo "1979"]
[PlyCount "73"]
[EventDate "1999.??.??"]

1. e4 Nf6 2. Nc3 e6 3. Bc4 g6 4. Nf3 Bg7 5. d4 O-O 6. Bg5 h6 7. Be3 { } 7...
Nxe4 8. Nxe4 d5 9. Bb3 9... dxe4 { } 10. Nh4 $2 10... Kh7 (10... g5) 11. Qe2 g5
12. Nf3 exf3 13. Qxf3 Nc6 14. h4 g4 15. Qe4+ f5 16. Qd3 { } 16... Nxd4 17.
O-O-O Nc6 (17... Nxb3+ 18. Qxb3) 18. Qe2 Qe8 19. f3 gxf3 20. gxf3 e5 21. Rdg1 {
} 21... Nd4 22. Qc4 Nxb3+ 23. axb3 Qf7 24. Qd3 Be6 25. Rg2 Rad8 26. Qe2 Bf6 27.
Rhg1 27... Rg8 { } 28. Qd2 Rxd2 29. Rxg8 Re2 30. Bxa7 { } 30... Qxg8 31. Rxg8
Kxg8 32. Bc5 Bxh4 33. Kd1 Rh2 34. b4 Bg5 35. b5 b6 36. Bd6 { } 36... Bf4 37.
Bxc7 0-1

[Event "Open"]
[Site "?"]
[Date "1999.05.15"]
[Round "?"]
[White "Hammond, M"]
[Black "Thomson, J"]
[Result "0-1"]
[WhiteElo "1385"]
[BlackElo "1495"]
[PlyCount "64"]
[EventDate "1999.??.??"]

1. e4 c5 2. Nc3 d6 3. Nf3 Nc6 4. Bc4 e6 5. d3 g6 6. Bg5 Qc7 7. e5 Nxe5 8. Bb3
Bg7 9. Nb5 Qa5+ 10. Nc3 Nxf3+ 11. Qxf3 Bxc3+ 12. Kf1 $2 (12. bxc3 Qxc3+ 13. Ke2
) 12... Bg7 13. c3 c4 14. Bxc4 Qxg5 15. h4 Qf5 16. Qd1 Nf6 17. Qb3 Ng4 18. f3
Ne3+ 19. Ke2 Nxc4 20. Qxc4 O-O 21. Rhe1 Bd7 22. Qc7 Bb5 23. Qxd6 Rfd8 24. Qc7
Qxd3+ 25. Kf2 Qc2+ 26. Kg3 Rd2 27. Rab1 Rxg2+ 28. Kh3 Bc6 29. Red1 Bxf3 30.
Rd8+ Rxd8 31. Qxd8+ Bf8 32. Qg5 Rxg5 0-1

[Event "Open"]
[Site "?"]
[Date "1999.05.15"]
[Round "?"]
[White "Kabelac, J"]
[Black "Fraats, D"]
[Result "0-1"]
[WhiteElo "1979"]
[BlackElo "1808"]
[PlyCount "62"]
[EventDate "1999.??.??"]

1. d4 Nf6 2. c4 g6 3. Nc3 d5 4. Nf3 Bg7 5. Qb3 dxc4 6. Qxc4 O-O 7. e4 7... a6 {
} 8. Bf4 c6 9. Be2 b5 10. Qd3 Nbd7 11. O-O c5 12. e5 c4 13. Qe3 13... Ne8 { }
14. e6 Nb6 15. exf7+ Rxf7 16. Ne5 Rf8 17. Bf3 Ra7 18. Nc6 Qd7 19. Nxa7 { }
19... Bxd4 20. Qd2 e5 21. Nxc8 21... Qxc8 { } 22. Nd5 Qe6 23. Nxb6 Qxb6 24.
Bd5+ Kh8 25. Bh6 Rf5 26. Rae1 26... Nf6 { } 27. Be4 Rh5 28. Bf3 Rf5 29. Be4 Rh5
30. Bg5 Ng4 31. Bd5 31... Nxf2 { } 0-1

[Event "Open"]
[Site "?"]
[Date "1999.05.15"]
[Round "?"]
[White "Kabelac, J"]
[Black "Vigants, A"]
[Result "1-0"]
[WhiteElo "1979"]
[BlackElo "1608"]
[PlyCount "59"]
[EventDate "1999.??.??"]

1. d4 d5 2. Nc3 Nf6 3. Bg5 e6 4. e4 dxe4 5. Nxe4 Be7 6. Bxf6 Bxf6 7. Nxf6+ Qxf6
8. g3 Nc6 9. Nf3 O-O 10. Bg2 Rd8 11. c3 { } 11... Rb8 12. O-O Ne7 13. Qa4 a6
14. Ne5 c6 15. Rad1 Bd7 16. Qa5 16... Ng6 { } 17. Qc7 Be8 18. f4 Qe7 19. Qb6
Nf8 20. Bh3 Nd7 21. Qb3 { } 21... f5 22. Bxf5 Nf8 23. Bh3 Bf7 24. Rde1 Rd6 25.
Nxf7 25... Kxf7 { } 26. f5 Kg8 27. fxe6 Re8 28. Rf7 28... Qg5 { } 29. e7 Rf6
30. Rxf8# 1-0

[Event "Open"]
[Site "?"]
[Date "1999.05.15"]
[Round "?"]
[White "Kogan, G"]
[Black "Smith, J"]
[Result "1-0"]
[WhiteElo "1870"]
[BlackElo "1708"]
[PlyCount "80"]
[EventDate "1999.??.??"]

1. d4 Nf6 2. c4 g6 3. Nc3 Bg7 4. Nf3 O-O 5. e4 d6 6. Be2 e5 7. d5 h6 8. O-O
Nbd7 9. Be3 a5 10. Re1 { } 10... Ng4 11. Bd2 c5 12. Qc1 Kh7 13. Nb5 13... Nb8 {
} 14. Bd3 Na6 15. a3 Nc7 16. Nc3 Bd7 17. h3 Nf6 18. Nh4 18... Nh5 { } 19. Nf3
Qc8 20. Be2 f5 21. Nh2 Nf6 22. exf5 gxf5 23. Bd3 { } 23... e4 24. Bc2 Rh8 25.
f3 exf3 26. Nxf3 Kg8 27. Nh4 Rh7 28. Rf1 { } 28... Ne4 29. Nxe4 fxe4 30. Bxe4 {
} 30... Bxh3 31. Qc2 Bd4+ 32. Kh1 Rg7 33. Nf5 Bxf5 34. Bxf5 34... Qe8 { } 35.
Rf3 Qe2 36. Bxh6 Rxg2 37. Qxe2 Rxe2 38. Raf1 { } 38... Be5 39. Bf4 Bxf4 40.
Rxf4 40... Rxb2 { } 1-0

[Event "Open"]
[Site "?"]
[Date "1999.05.15"]
[Round "?"]
[White "Reid, C"]
[Black "Kogan, G"]
[Result "0-1"]
[WhiteElo "1471"]
[BlackElo "1870"]
[PlyCount "56"]
[EventDate "1999.??.??"]

1. d4 Nf6 2. Nf3 g6 3. g3 Bg7 4. Bg2 d5 5. O-O O-O 6. Nbd2 Re8 7. c4 7... c6 { 
} 8. Qb3 dxc4 9. Qxc4 Nbd7 10. Rd1 Nb6 11. Qc5 Bf5 12. Re1 { } 12... Ne4 13.
Nxe4 Bxe4 14. Be3 Nd5 15. Bd2 Nf6 16. Bc3 Qd7 17. Ne5 Qf5 18. Qc4 e6 19. f3 Bd5
20. Qb4 { } 20... Rab8 21. e4 Bxe4 22. fxe4 22... Qh5 { } 23. Qxb7 Rxb7 24. Bf3
Qg5 25. Rac1 Rc8 26. Rcd1 Nd7 27. b3 27... Nxe5 { } 28. Bd2 Nxf3+ 0-1

[Event "Open"]
[Site "?"]
[Date "1999.05.15"]
[Round "?"]
[White "Smith, J"]
[Black "Dobrovolny, C"]
[Result "1-0"]
[WhiteElo "1708"]
[BlackElo "1776"]
[PlyCount "65"]
[EventDate "1999.??.??"]

1. Nf3 Nf6 2. g3 g6 3. Bg2 d5 4. d4 Bg7 5. O-O O-O 6. Nc3 c6 7. Ne5 Nbd7 8. f4
8... Ne8 { } 9. e4 dxe4 10. Nxe4 Nd6 11. b3 Qb6 12. Kh1 Nf6 13. Nc5 13... Bf5 {
} 14. Be3 Rad8 15. g4 $1 15... Bc8 16. c4 Qc7 17. Qe2 b6 18. Ncd3 18... Nfe4 { 
} 19. c5 Nc3 20. Qc2 Nde4 21. cxb6 axb6 22. Nf2 Nxf2+ 23. Rxf2 23... Bxe5 {
getting rid of the pesky N, but weakening K} 24. fxe5 Nd5 25. Bh6 { } 25...
Bxg4 $5 26. Bxf8 Kxf8 27. Bxd5 Rxd5 28. Raf1 { } 28... Bf5 29. Rxf5 $1 29...
gxf5 30. Qxf5 e6 31. Qxh7 31... Rxd4 $2 {
not everybody would realize this is a blunder!} 32. Qh8+ Ke7 33. Rxf7+ $3 {
after Kf7, 34 Qh7+ & 35 Qxc7} 1-0

[Event "Open"]
[Site "?"]
[Date "1999.05.15"]
[Round "?"]
[White "Smith, J"]
[Black "Schoonover, M"]
[Result "1-0"]
[WhiteElo "1708"]
[BlackElo "1333"]
[PlyCount "39"]
[EventDate "1999.??.??"]

1. e4 c5 2. Nf3 d6 3. d4 cxd4 4. Nxd4 Nf6 5. Nc3 e6 6. Bg5 Nbd7 7. Be2 Be7 8.
Qd2 O-O 9. f4 { } 9... e5 10. Nf3 exf4 11. O-O-O Qa5 12. Kb1 Re8 13. Bxf4 13...
Ne5 { } 14. Rhe1 Be6 15. Bb5 Nfd7 16. Bxe5 dxe5 17. Bxd7 { } 17... Red8 18. Nd5
Rxd7 19. Nxe7+ { } 19... Rxe7 20. Qxa5 1-0

[Event "Open"]
[Site "?"]
[Date "1999.05.15"]
[Round "?"]
[White "Thomson, J"]
[Black "Dobrovolny, C"]
[Result "0-1"]
[WhiteElo "1495"]
[BlackElo "1776"]
[PlyCount "65"]
[EventDate "1999.??.??"]

1. e4 c5 2. Nf3 d6 3. d4 cxd4 4. Nxd4 Nf6 5. Nc3 a6 6. Bg5 e6 7. f4 7... b5 { }
8. e5 dxe5 9. fxe5 Qc7 10. Nf3 Bb4 11. exf6 Bxc3+ 12. bxc3 Qxc3+ 13. Kf2 gxf6
14. Be3 Nc6 15. Be2 15... Bb7 { } 16. Qd3 Qa5 17. Nd4 Ne5 18. Qd2 Qc7 19. Rhf1
Rd8 20. Rad1 20... Rg8 { } 21. g3 Nc4 22. Bxc4 Qxc4 23. Qa5 e5 24. Ne2 { }
24... Rc8 25. Rd2 Qe4 26. Bb6 Qg2+ 27. Ke1 27... Qxh2 { } 28. Rd8+ Ke7 29. Rxc8
Rxc8 30. Qb4+ Ke8 31. Bc5 Qh3 32. Bf8 32... Qd7 { } 33. Bg7 {Wh flagged} 0-1

[Event "Open"]
[Site "?"]
[Date "1999.05.15"]
[Round "?"]
[White "Thomson, J"]
[Black "Schoonover, M"]
[Result "1-0"]
[WhiteElo "1495"]
[BlackElo "1333"]
[PlyCount "71"]
[EventDate "1999.??.??"]

1. e4 c5 2. Nf3 d6 3. d4 cxd4 4. Nxd4 Nf6 5. Nc3 e6 6. Be2 Be7 7. O-O O-O 8.
Be3 Nc6 9. Qd2 a6 10. a4 Qc7 11. Nb3 Bd7 12. a5 b5 13. axb6 Qb7 14. f4 e5 15.
f5 Bd8 16. Qxd6 Bxb6 17. Bxb6 Qxb6+ 18. Qc5 Qxc5+ 19. Nxc5 Rfb8 20. Nxd7 Nxd7
21. Bxa6 Rxb2 22. Bb5 Rxa1 23. Rxa1 Rxc2 24. Bxc6 Nb6 25. Nd5 Nc8 (25... Rxc6
26. Ra6) 26. Bb7 Kf8 27. Ra8 Ke8 28. Rxc8+ Rxc8 29. Bxc8 f6 30. Kf2 Kd8 31. Be6
Ke8 32. g4 h6 33. Kg3 Kf8 34. Kh4 Ke8 35. Kh5 Kf8 36. Kg6 1-0

[Event "Open"]
[Site "?"]
[Date "1999.05.15"]
[Round "?"]
[White "Thomson, J"]
[Black "Smith, J"]
[Result "0-1"]
[WhiteElo "1495"]
[BlackElo "1708"]
[PlyCount "88"]
[EventDate "1999.??.??"]

1. e4 c5 2. Nf3 Nc6 3. d4 cxd4 4. Nxd4 Nf6 5. Nc3 g6 6. Be3 Bg7 7. Bc4 d6 8. f3
O-O 9. Qd2 a6 10. O-O-O Qc7 11. Bb3 b5 12. h4 { } 12... Na5 13. Bh6 e5 14. Nde2
Nxb3+ 15. axb3 Rd8 16. Bxg7 16... Kxg7 { } 17. h5 Kg8 18. Qh6 Be6 19. g4 b4 20.
g5 20... Ne8 { } 21. hxg6 fxg6 22. Nd5 Bxd5 23. exd5 Rdc8 24. Rd2 a5 25. Ng3 a4
26. Rdh2 { } 26... axb3 27. Qxh7+ Qxh7 28. Rxh7 Ra1+ 29. Kd2 Rxh1 30. Rxh1
30... bxc2 { } 31. b3 Rc3 32. Rf1 Rxb3 33. Kxc2 Rc3+ 34. Kb2 Rd3 35. Kc2 Rxd5
36. Kb3 Rd4 37. Ne2 37... Rh4 { } 38. f4 Nc7 39. Kxb4 Nd5+ 40. Kb5 Nxf4 41.
Nxf4 Rxf4 42. Rxf4 42... exf4 { } 43. Kc4 Kf7 44. Kd4 Ke6 0-1

[Event "Fermi-Chargers"]
[Site "?"]
[Date "1999.05.06"]
[Round "?"]
[White "Dorigo, T"]
[Black "Warren, J"]
[Result "1-0"]
[WhiteElo "2182"]
[BlackElo "2123"]
[Annotator "Playoff 1"]
[PlyCount "56"]
[EventDate "1999.??.??"]

1. e4 c6 2. d4 d5 3. exd5 cxd5 4. c4 Nf6 5. Nc3 e6 6. c5 Be7 7. Nf3 O-O 8. Bd3
{ } 8... b6 9. b4 a5 10. Na4 Nfd7 11. h4 h6 12. Rh3 axb4 13. Nxb6 Nxb6 14. Bxh6
gxh6 15. Rg3+ 15... Kh8 { } 16. Qd2 Bg5 17. hxg5 f5 18. gxf6 18... Qxf6 { } 19.
Rg6 Qf4 20. Qxf4 Rxf4 21. Rxh6+ Kg8 22. cxb6 { } 22... b3 23. Rc1 Nd7 24. axb3
Nxb6 25. Rc7 { } 25... Ra3 26. Rg6+ Kh8 27. Rcg7 Rxb3 28. Rg8+ Kh7 1-0

[Event "Fermi-Chargers"]
[Site "?"]
[Date "1999.05.06"]
[Round "?"]
[White "Spiegel, L"]
[Black "Rosley, D"]
[Result "1/2-1/2"]
[WhiteElo "2063"]
[BlackElo "1777"]
[Annotator "Playoff 1"]
[PlyCount "56"]
[EventDate "1999.??.??"]

1. e4 c5 2. Nf3 a6 3. d4 cxd4 4. Nxd4 Nf6 5. Nc3 e5 6. Nb3 Bb4 7. Bd3 d5 8.
exd5 8... Nxd5 { } 9. Bd2 Nxc3 10. bxc3 Bd6 11. Qh5 g6 12. Qh6 Bf8 13. Qe3
13... Nd7 { } 14. f4 Bh6 15. Qg3 exf4 16. Bxf4 Qe7+ 17. Kd2 Bxf4+ 18. Qxf4
18... O-O { } 19. Rae1 Qf6 20. Qg3 Nb6 21. h4 h5 22. Rhf1 Qg7 23. Qd6 Na4 24.
Nd4 Bg4 25. Re7 Rac8 26. Rxb7 Nxc3 27. Qf6 { } 27... Qh6+ 28. Qg5 Qg7 1/2-1/2

[Event "Chargers-Fermi"]
[Site "?"]
[Date "1999.05.06"]
[Round "?"]
[White "McCarthy, D"]
[Black "Kozlovsky, M"]
[Result "1/2-1/2"]
[WhiteElo "1679"]
[BlackElo "2085"]
[Annotator "Playoff 1"]
[PlyCount "66"]
[EventDate "1999.??.??"]

1. e4 c6 2. d4 d5 3. Nc3 e6 4. Nf3 Nf6 5. Bg5 Be7 6. e5 Nfd7 7. Bxe7 Qxe7 8.
Bd3 a6 9. Qd2 c5 10. dxc5 { } 10... Nc6 11. Na4 Ncxe5 12. Nxe5 Nxe5 13. b4 Qf6
14. O-O O-O 15. Nb6 Rb8 16. c3 Rd8 17. Qc2 Nxd3 18. Qxd3 { } 18... Bd7 19. a4
Be8 20. Rfe1 Qg6 21. Qd4 Bc6 22. Re3 e5 23. Rxe5 Re8 24. Rae1 f6 25. Rxe8+ Rxe8
26. Rxe8+ 26... Qxe8 { } 27. Qd2 Qe4 28. f3 Qe5 29. g3 g6 30. Kf2 Qe6 31. g4
Qe5 32. f4 32... Qe4 { } 33. Qd4 Qh1 1/2-1/2

[Event "Fermi-Chargers"]
[Site "?"]
[Date "1999.05.06"]
[Round "?"]
[White "Gaines, I"]
[Black "Radavicius, E"]
[Result "1-0"]
[WhiteElo "1741"]
[BlackElo "1628"]
[Annotator "Playoff 1"]
[PlyCount "35"]
[EventDate "1999.??.??"]

1. d4 d5 2. c4 dxc4 3. Nc3 c6 4. a4 Bd7 5. e4 e6 6. Bxc4 Bb4 7. Bd2 7... Nf6 { 
} 8. e5 Bxc3 9. bxc3 Nd5 10. a5 O-O 11. Nf3 11... h6 { } 12. g4 f6 13. h4 f5
14. g5 h5 15. g6 15... Ne7 { } 16. Ng5 Qe8 17. Nxe6 17... Nxg6 { } 18. Ng5+ 1-0

[Event "Chargers-Fermi"]
[Site "?"]
[Date "1999.05.06"]
[Round "?"]
[White "Stamm, V"]
[Black "Gomez, G"]
[Result "0-1"]
[WhiteElo "1611"]
[BlackElo "1658"]
[Annotator "Playoff 1"]
[PlyCount "70"]
[EventDate "1999.??.??"]

1. d4 d5 2. c4 e6 3. a3 h6 4. Nc3 Nf6 5. Nf3 c5 6. Bf4 6... Nc6 { } 7. dxc5 a6
8. b4 Be7 9. cxd5 Nxd5 10. Nxd5 Qxd5 11. Qxd5 11... exd5 { } 12. Rd1 Be6 13. e3
O-O 14. Be2 a5 15. b5 Na7 16. b6 { } 16... Bxc5 17. bxa7 Bxa3 18. O-O 18...
Rxa7 { } 19. Nd4 Bc5 20. Nb5 Raa8 21. Bf3 Rfd8 22. Nc7 Rac8 23. Nxd5 b5 24. Nc7
Bc4 25. Rxd8+ Rxd8 26. Rb1 { } 26... b4 27. Rc1 b3 28. Be5 a4 29. Bb2 a3 30.
Bxa3 Bxa3 31. Rb1 b2 32. Be4 Rd7 33. Ne8 Bd3 34. Bxd3 Rxd3 35. Kf1 { } 35...
Rc3 0-1

[Event "Open"]
[Site "?"]
[Date "1999.05.15"]
[Round "?"]
[White "Schoonover, M"]
[Black "Reid, C"]
[Result "0-1"]
[WhiteElo "1333"]
[BlackElo "1471"]
[PlyCount "50"]
[EventDate "1999.??.??"]

1. e4 c5 2. Nf3 d6 3. d4 cxd4 4. Nxd4 Nf6 5. Nc3 g6 6. f3 Bg7 7. Be3 O-O 8. Qd2
Nc6 9. g4 Ne5 10. O-O-O Nexg4 11. fxg4 Nxg4 12. h3 Nxe3 13. Re1 Nxf1 14. Rexf1
Bd7 15. h4 h5 16. Rfg1 Rc8 17. Nce2 Kh7 18. Nf4 e5 19. Nxh5 Bh6 20. Qxh6+ Kxh6
21. Rg5 exd4 22. Nf4 Rc5 23. Nd5 Rxd5 24. Rxd5 Bc6 25. Rxd4 Re8 0-1

[Event "UOP-CRT"]
[Site "?"]
[Date "1999.05.11"]
[Round "?"]
[White "Stevanovic, M"]
[Black "Kras, T"]
[Result "1/2-1/2"]
[WhiteElo "2216"]
[BlackElo "2267"]
[Annotator "Playoff 1"]
[PlyCount "77"]
[EventDate "1999.??.??"]

1. f4 d5 2. b3 Nf6 3. e3 g6 4. Bb2 Bg7 5. Nf3 O-O 6. Be2 c5 7. O-O Nc6 8. Ne5
Qc7 9. Nc3 9... a6 { } 10. d4 cxd4 11. exd4 b5 12. Bf3 Be6 13. a3 Rac8 14. b4
Qb6 15. Ne2 Nxe5 16. fxe5 Ng4 17. Bxg4 17... Bxg4 { } 18. h3 Bf5 19. Nc3 Be6
20. Kh1 Qc6 21. Qd2 Rc7 22. Rf3 Rfc8 23. Raf1 { } 23... Qe8 24. Rc1 Qf8 25.
Rcf1 Bh6 26. Qf2 Qe8 27. Rd1 Rc4 28. g4 R8c6 29. Qg3 Qd7 30. Kg2 Rc8 31. Rdd3
Qa7 32. Qf2 { } 32... Qd7 33. Rd1 Qe8 34. Rdd3 Qd7 35. Rg3 Bg5 36. Rgf3 Bh6 37.
Rg3 Bg5 38. Rgf3 Bh6 39. Rg3 1/2-1/2

[Event "CRT-UOP"]
[Site "?"]
[Date "1999.05.11"]
[Round "?"]
[White "Jasaitis, A"]
[Black "Buerger, E"]
[Result "1/2-1/2"]
[WhiteElo "2145"]
[BlackElo "2024"]
[Annotator "Playoff 1"]
[PlyCount "50"]
[EventDate "1999.??.??"]

1. f4 d5 2. Nf3 g6 3. g3 Bg7 4. Bg2 Nf6 5. O-O O-O 6. c3 6... Nbd7 { } 7. Ne5
c6 8. d4 Ne4 9. Nd2 Nxd2 10. Qxd2 f6 11. Nxd7 Bxd7 12. e4 dxe4 13. Bxe4 { }
13... e5 14. fxe5 fxe5 15. Rxf8+ Kxf8 16. dxe5 Bxe5 17. Qh6+ Kg8 18. Be3 18...
Qe7 { } 19. Bc2 Re8 20. Re1 b6 21. Bf2 Qf6 22. Bb3+ Kh8 23. Rxe5 Rxe5 24. Bd4 {
} 24... Re1+ 25. Kg2 Re2+ 1/2-1/2

[Event "CRT-UOP"]
[Site "?"]
[Date "1999.05.11"]
[Round "?"]
[White "Bargerstock, D"]
[Black "Boldingh, E"]
[Result "0-1"]
[WhiteElo "1720"]
[BlackElo "1853"]
[Annotator "Playoff 1"]
[PlyCount "92"]
[EventDate "1999.??.??"]

1. d4 Nf6 2. Nf3 c5 3. c4 cxd4 4. Nxd4 4... e5 { } 5. Nb5 Bc5 6. Nd6+ Ke7 7.
Nf5+ { } 7... Kf8 8. Be3 Bb4+ 9. Bd2 Qb6 10. Bxb4+ Qxb4+ 11. Qd2 Qxd2+ 12. Nxd2
Nc6 13. a3 13... d5 { } 14. Nd6 Be6 15. e3 Ke7 16. c5 Rab8 17. Nb5 a5 18. g3
Rhc8 19. Nd6 Rd8 20. Bb5 { } 20... Na7 21. Be2 Nc6 22. Bb5 e4 23. f3 exf3 24.
Nxf3 Ne4 25. Nxe4 25... dxe4 { } 26. Nd4 Nxd4 27. exd4 Rxd4 28. Rd1 Rbd8 29.
Rxd4 Rxd4 30. Ke2 Bc4+ 31. Bxc4 Rxc4 32. Ke3 f5 33. Rf1 g6 34. g4 Ke6 35. g5
Ke5 36. Rf2 36... Rxc5 { } 37. Rd2 f4+ 38. Ke2 Rb5 39. Rc2 f3+ 40. Kf2 Kf4 41.
h4 e3+ 42. Kf1 Kg3 43. Kg1 43... e2 { } 44. Rc1 f2+ 45. Kh1 f1=Q+ 46. Rxf1
exf1=Q# 0-1